Biblioteca y Centro de Documentación

Reunión no oficial de los organismos reguladores de la Unión Europea (Registro nro. 6028)

Detalles MARC
000 -CABECERA
Longitud fija campo de control 01389nam a2200397 c 4500
001 - NÚMERO DE CONTROL
Número de control 6028
003 - IDENTIFICADOR DE NÚMERO DE CONTROL
Identificador del número de control ES-MaCES
005 - FECHA Y HORA DE LA ÚLTIMA TRANSACCIÓN
Fecha y hora de la última transacción 20150929135403.0
008 - CAMPO FIJO DE DESCRIPCIÓN FIJA--INFORMACIÓN GENERAL
Códigos de información de longitud fija   971105s1997 sp d ||| | spa d
017 ## - NÚMERO DE REGISTRO DE DERECHOS DE AUTOR Y DEPÓSITO LEGAL
Número de copyright o de depósito legal M. 5.285-1997
Agencia que asigna el número DL
035 ## - NÚMERO DE CONTROL DEL SISTEMA
Número de control del sistema CES19980060781m
040 ## - FUENTE DE CATALOGACIÓN
Centro catalogador de origen ES-MaCES
Lengua de catalogación spa
Centro transcriptor ES-MaCES
111 2# - ENCABEZAMIENTO PRINCIPAL--NOMBRE DE REUNIÓN
Nombre de congreso o jurisdicción como elemento de entrada Reunión no oficial de los organismos reguladores de la Unión Europea
Fecha del congreso 1995
Sede del congreso Toledo
9 (RLIN) 264
245 10 - MENCIÓN DE TÍTULO
Título Reunión no oficial de los organismos reguladores de la Unión Europea
Resto del título : Toledo, 16-19 noviembre 1995
260 ## - PUBLICACIÓN, DISTRIBUCIÓN, ETC (PIE DE IMPRENTA)
Lugar de publicación, distribución, etc. Madrid
Nombre del editor, distribuidor, etc. Consejo de Seguridad Nuclear
Fecha de publicación, distribución, etc. D.L. 1997
300 ## - DESCRIPCIÓN FÍSICA
Extensión 165 p.
Otras características físicas gráf.
Dimensiones 30 cm
490 1# - MENCIÓN DE SERIE
Mención de serie Colección Otros Documentos CSN
Designación de volumen o secuencia 2.1996
541 ## - NOTA DE LA FUENTE INMEDIANTE DE ADQUISICIÓN
Forma de adquisición Gratuito
630 04 - ASIENTO SECUNDARIO DE MATERIA--TÍTULO UNIFORME
Título uniforme Tratado Euratom
9 (RLIN) 32913
650 #4 - ASIENTO SECUNDARIO DE MATERIA--TÉRMINO DE MATERIA
Término de materia o nombre geográfico como elemento inicial energía nuclear
9 (RLIN) 27767
650 #4 - ASIENTO SECUNDARIO DE MATERIA--TÉRMINO DE MATERIA
Término de materia o nombre geográfico como elemento inicial central nuclear
9 (RLIN) 30964
650 #4 - ASIENTO SECUNDARIO DE MATERIA--TÉRMINO DE MATERIA
Término de materia o nombre geográfico como elemento inicial seguridad
9 (RLIN) 28751
650 #4 - ASIENTO SECUNDARIO DE MATERIA--TÉRMINO DE MATERIA
Término de materia o nombre geográfico como elemento inicial desperdicio radiactivo
9 (RLIN) 29401
650 #4 - ASIENTO SECUNDARIO DE MATERIA--TÉRMINO DE MATERIA
Término de materia o nombre geográfico como elemento inicial radiactividad
9 (RLIN) 27772
650 #4 - ASIENTO SECUNDARIO DE MATERIA--TÉRMINO DE MATERIA
Término de materia o nombre geográfico como elemento inicial organización institucional
9 (RLIN) 27196
650 #4 - ASIENTO SECUNDARIO DE MATERIA--TÉRMINO DE MATERIA
Término de materia o nombre geográfico como elemento inicial mecanismo de control
9 (RLIN) 29918
650 #4 - ASIENTO SECUNDARIO DE MATERIA--TÉRMINO DE MATERIA
Término de materia o nombre geográfico como elemento inicial conferencia
9 (RLIN) 27013
653 10 - TÉRMINO DE INDEXACIÓN--NO CONTROLADO
Término no controlado Industria-Energía
650 #4 - ASIENTO SECUNDARIO DE MATERIA--TÉRMINO DE MATERIA
9 (RLIN) 29020
Término de materia o nombre geográfico como elemento inicial país de la UE
650 #4 - ASIENTO SECUNDARIO DE MATERIA--TÉRMINO DE MATERIA
9 (RLIN) 26752
Término de materia o nombre geográfico como elemento inicial UE
710 2# - ENCABEZAMIENTO SECUNDARIO--NOMBRE CORPORATIVO
Nombre de entidad o nombre de jurisdicción como elemento inicial Consejo de Seguridad Nuclear (España)
Término indicativo de función ed.
9 (RLIN) 2397
830 #0 - ENCABEZAMIENTO SECUNDARIO DE COLECCIÓN--TÍTULO UNIFORME
Título uniforme Colección Otros Documentos CSN
Designación de volumen o secuencia 2.1996
9 (RLIN) 32912
902 ## - CES. TIPO DE DOCUMENTO
Tipodoc (006$c Sirtex) LIB Libro
942 ## - ELEMENTOS KOHA
Fuente de clasificaión o esquema Clasificación propia del CES
Koha [por defecto] tipo de item Monografías
Parte de clasificación 5.2.
Existencias
Número de registro Signatura completa Tipo de item de Koha
022292 DPT-8824 Monografías
© CES, Consejo Económico y Social de España 2021